<?xml version="1.0" encoding="UTF-8"?>
<collection xmlns="http://www.loc.gov/MARC21/slim">
 <record>
  <leader>00609cam a2200181 7i4500</leader>
  <controlfield tag="001">0000001628</controlfield>
  <controlfield tag="005">20150325090000.0</controlfield>
  <controlfield tag="003">  iicp-my</controlfield>
  <controlfield tag="005">  20021204212700.0</controlfield>
  <controlfield tag="008">000000                       00         </controlfield>
  <datafield tag="039" ind1=" " ind2="9">
   <subfield code="y">200212042127</subfield>
   <subfield code="z">VLOAD</subfield>
  </datafield>
  <datafield tag="090" ind1="0" ind2="0">
   <subfield code="a">330.994 </subfield>
   <subfield code="b">AUS</subfield>
  </datafield>
  <datafield tag="245" ind1="0" ind2="0">
   <subfield code="a">The Australian economy : </subfield>
   <subfield code="b">a student's guide to current economic conditions 1994  </subfield>
   <subfield code="c">Ross Gittins ...[et al.].</subfield>
  </datafield>
  <datafield tag="250" ind1=" " ind2=" ">
   <subfield code="a">'94 ed..</subfield>
  </datafield>
  <datafield tag="260" ind1=" " ind2=" ">
   <subfield code="a">Fitzroy, Victoria: </subfield>
   <subfield code="b">Warringal Publications, </subfield>
   <subfield code="c">1994.</subfield>
  </datafield>
  <datafield tag="650" ind1=" " ind2="0">
   <subfield code="a">Australia -- </subfield>
   <subfield code="x">Economic conditions. -- </subfield>
   <subfield code="y">1990 </subfield>
  </datafield>
  <datafield tag="700" ind1=" " ind2=" ">
   <subfield code="a">Gittins, Ross. </subfield>
  </datafield>
  <datafield tag="999" ind1=" " ind2=" ">
   <subfield code="a">1000004376</subfield>
   <subfield code="b">Book</subfield>
   <subfield code="c">Reference</subfield>
  </datafield>
 </record>
</collection>
